Регионална библиотека "Любен Каравелов" - Русе

Всемогъщият човек (Запис номер 149886)

MARC детайли
000 -Лидер
Контролно поле с фиксирана дължина 01484nam a2200349 c 4500
003 - Код на организацията, давaща контролен номер
Контролно поле BLK
005 - Дата и час на последна редакция
Контролно поле 20180422112949.0
008 - Елементи от данни с фиксирана дължина
fixed length control field 180410b bul|||||r ||||||| ||bul||
010 ## - Наследен системен номер
LC control number KNG00156192000
040 ## - Източник на каталожния запис
Идентификатор на билиотеката - собственик на записа BLK
041 ## - Код за език
Код за езика на текст/звукозапис или на отделно заглавие Български
Код за езика КДБФ Български
080 ## - УДК
Текстов определител УДК Българска литература
УДК код - определител по УДК 821.163.2
УДК определител -93-32
УДК - код + определител 821.163.2-93-32
100 1# - Редна дума - Автор
Автор Калчев, Камен
Авторска отговорност първи автор
Автор - информация (биография) Калчев, Петър Митев
R(LIN) 367490
139 ## - Редно поле
Редна дума Калчев, Камен
Авторски знак Калч - К 20
245 10 - Сведения за заглавието
Заглавие Всемогъщият човек
Подзаглавни данни Разкази за деца и юноши
Редно поле (дума) Камен Калчев; * Петър Митев Калчев; худож. Александър Гаврилов Денков.
250 ## - Област на изданието
Сведения за изданието 4. изд.
257 ## - Страна на издаване
Страна на създаване/издаване България
260 ## - Област на издателските данни
-- София
Име на издателя, разпространителя и проч. Бълг. писател
Година на издаване 1955
Печатница София : ДПК Д. Благоев
300 ## - Физическа характеристика
Страници 105 с.
Илюстрации и др. с ил.
Размери/Мащаб 19 см
380 ## - Жанр
Жанр Детска худож. лит.
500 ## - Общи забележки
Забележка Истинското име на авт. е Петър Митев Калчев. - 1. изд. 1940. - 10 000 тир.
653 ## - Ключова дума – ненормативна
Ключова дума разкази
653 ## - Ключова дума – ненормативна
Ключова дума литература за деца
653 ## - Ключова дума – ненормативна
Ключова дума детска литература
700 1# - Други автори (авторска отговорност)
Лично име Калчев, Петър Митев
Автороска отговорност (Описва отношението между автора и произведението) *
9 (RLIN) 317810
700 1# - Други автори (авторска отговорност)
Лично име Денков, Александър Гаврилов
Автороска отговорност (Описва отношението между автора и произведението) худож.
9 (RLIN) 376146
852 ## - Местоположение
Форматна сигнатура Цб 197333
856 4# - Електронен адрес и достъп
Електронен формат pdf - файл
Път до файла /url/
856 4# - Електронен адрес и достъп
Електронен формат pdf - файл
Път до файла /url/
942 ## - АРТИКУЛИ
Вид на библиотечния материал Книги
Скрит в OPAC Не
944 ## - СЪЗДАВАНЕ И РЕДАКЦИЯ на ЗАПИСА
Създаване/Редакция Създаване
Дата на регистрацията/редакция 03.02.2014
Статус, дата на статуса ф /
Служител, извършил регистрацията/редакцията Людмила_Стоянова
944 ## - СЪЗДАВАНЕ И РЕДАКЦИЯ на ЗАПИСА
Създаване/Редакция Редакция
Дата на регистрацията/редакция 04.02.2014
Статус, дата на статуса ф /
Служител, извършил регистрацията/редакцията
999 ## - СИСТЕМНИ КОНТРОЛНИ НОМЕРА
Koha biblionumber 149886
Koha biblioitemnumber 149886
Наличности
Код за отписване Код за изгубен артикул Код за повреда Коз за рестрикции Код за отдаване Артикулен № Име на библиотеката - собственик Име на библиотеката, в която се намира в момента Статус (Текущо местоположение) Дата на вписване в системата Местоположение - отдел Цена в лева Инвентарен номер Систематично азбучна сигнатура Баркод Номер на екземпляра Цена в евро Служебна бележка Служебен тип на артикула
  Не е изгубен Не е повреден без рестрикции ползва се в читалня 250327 Регионална библиотека "Любен Каравелов" Русе Регионална библиотека "Любен Каравелов" Русе Хранилище 2014-01-07 Основен фонд - ползва се само за читалня 3.70 120000773195 Цб 197333 120000773195 1 1.89 Дост: DA Вид: А N: 1 Дата: 07.01.2014 Книги
Vip Innovations Ltd, Rousse, Bulgaria 2025